[Event "Challenge"]
[Site "http://www.queenalice.com/game.php?id=198499"]
[Date "2007.4.17"]
[Round "-"]
[White "barron6469"]
[Black "morpheo"]
[Result "0-1"]
[WhiteElo "1532"]
[BlackElo "1854"]

1. e4 c5 2. Nf3 d6 3. Bb5+ Bd7 4. Bxd7+ Qxd7 5. c4 Nc6 6. d3 Nf6 7. Nc3 e5 8.
Bd2 Be7 9. O-O a6 10. Bg5 h6 11. Bh4 g5 12. Bg3 O-O-O 13. Na4 Qc7 14. a3 Rdg8
15. Rb1 h5 0-1

[Event "Challenge"]
[Site "http://www.queenalice.com/game.php?id=198501"]
[Date "2007.4.17"]
[Round "-"]
[White "barron6469"]
[Black "Lionel"]
[Result "0-1"]
[WhiteElo "1582"]
[BlackElo "2007"]

1. e4 c5 2. Nf3 d6 3. Bb5+ Bd7 4. Bxd7+ Nxd7 5. Nc3 g6 6. d3 Bg7 7. Bd2 Ngf6 8.
O-O O-O 9. Ne2 Re8 10. c3 b5 11. Ng3 Qc7 12. d4 d5 13. e5 Ne4 0-1

[Event "Challenge"]
[Site "http://www.queenalice.com/game.php?id=198502"]
[Date "2007.4.17"]
[Round "-"]
[White "Sirius"]
[Black "barron6469"]
[Result "1-0"]
[WhiteElo "1587"]
[BlackElo "1471"]

1. e4 c5 2. c4 Nc6 3. Qf3 Nd4 4. Qc3 d6 5. b4 Nf6 6. Bd3 g6 7. h3 Bg7 8. bxc5
dxc5 9. e5 Nd7 10. f4 f6 11. Na3 fxe5 12. f5 Nxf5 13. Bxf5 gxf5 14. Qg3 Bf6 15.
d3 Qa5+ 16. Ke2 e4 17. Rb1 exd3+ 18. Qxd3 1-0

[Event "Challenge"]
[Site "http://www.queenalice.com/game.php?id=198518"]
[Date "2007.4.17"]
[Round "-"]
[White "Reddaz"]
[Black "barron6469"]
[Result "1-0"]
[WhiteElo "1919"]
[BlackElo "1588"]

1. e4 c5 2. Nf3 d6 3. d4 Nf6 4. Bd3 Nc6 5. d5 Nb4 6. c4 g6 7. Nc3 Bg7 8. O-O O-O
9. Re1 Bg4 10. h3 Bxf3 11. Qxf3 Nxd3 12. Qxd3 1-0

[Event "AUTO-OPEN-628"]
[Site "http://www.queenalice.com/game.php?id=198551"]
[Date "2007.4.17"]
[Round "1"]
[White "Guillaume"]
[Black "barron6469"]
[Result "1-0"]
[WhiteElo "1474"]
[BlackElo "1559"]

1. e4 c5 2. d4 cxd4 3. Qxd4 Nc6 4. Qc3 e5 5. Bb5 Bb4 6. Bxc6 Bxc3+ 7. Nxc3 bxc6
8. Nf3 d6 9. Be3 Nf6 10. O-O-O Bg4 11. h3 Bxf3 12. gxf3 a6 13. Rhg1 Rg8 14. f4
Qe7 15. fxe5 dxe5 16. Bg5 1-0

[Event "AUTO-OPEN-628"]
[Site "http://www.queenalice.com/game.php?id=198552"]
[Date "2007.4.17"]
[Round "1"]
[White "barron6469"]
[Black "Guillaume"]
[Result "0-1"]
[WhiteElo "1580"]
[BlackElo "1453"]

1. e4 e5 2. Nf3 Nc6 3. Bc4 Nf6 4. d3 Bc5 5. Nc3 d6 6. Bg5 Bg4 7. h3 Bxf3 8. Qxf3
h6 9. Bxf6 Qxf6 10. Qxf6 gxf6 11. Nd5 O-O-O 12. Nxf6 Nd4 13. O-O-O Ne2+ 14. Kb1
Bxf2 15. Rhf1 Bd4 0-1

[Event "AUTO-OPEN-628"]
[Site "http://www.queenalice.com/game.php?id=198577"]
[Date "2007.4.17"]
[Round "1"]
[White "Paulo_Lima"]
[Black "barron6469"]
[Result "1-0"]
[WhiteElo "1741"]
[BlackElo "1493"]

1. d4 d5 2. c4 e6 3. Nc3 Nf6 4. Bg5 Be7 5. Nf3 Nbd7 6. e3 O-O 7. Be2 c6 8. O-O
dxc4 9. Bxc4 Nd5 10. Bxe7 Qxe7 11. Nxd5 exd5 12. Bb3 Nf6 13. Bc2 Bg4 14. h3 Bh5
15. Bd3 Ne4 16. Be2 Bg6 17. Ne5 Qe6 18. Bg4 Bf5 19. Qf3 1-0

[Event "AUTO-OPEN-628"]
[Site "http://www.queenalice.com/game.php?id=198578"]
[Date "2007.4.17"]
[Round "1"]
[White "barron6469"]
[Black "Paulo_Lima"]
[Result "0-1"]
[WhiteElo "1456"]
[BlackElo "1737"]

1. e4 c6 2. d4 d5 3. e5 Bf5 4. Nf3 e6 5. Bd3 Bxd3 6. Qxd3 Nd7 7. b3 Bb4+ 8. Nbd2
Ne7 9. O-O O-O 10. Bb2 Qa5 11. c3 Ba3 12. Bxa3 Qxa3 13. b4 h6 14. Rfb1 Qa4 15.
Nb3 b5 16. Na5 Rab8 17. Qd2 Rb6 18. Ne1 Ra6 0-1

[Event "AUTO-INT-421"]
[Site "http://www.queenalice.com/game.php?id=198657"]
[Date "2007.4.18"]
[Round "1"]
[White "barron6469"]
[Black "sphere"]
[Result "1-0"]
[WhiteElo "1451"]
[BlackElo "1438"]

1. e4 e5 2. Nf3 Nc6 3. Bb5 a6 4. Ba4 b5 5. Bb3 Nf6 6. d3 Be7 7. Be3 O-O 8. O-O
d6 9. h3 d5 10. exd5 Nxd5 11. Bxd5 Qxd5 12. Nc3 Qd6 13. d4 f6 14. dxe5 fxe5 15.
Qd5+ Be6 16. Qxd6 1-0

[Event "AUTO-INT-421"]
[Site "http://www.queenalice.com/game.php?id=198658"]
[Date "2007.4.18"]
[Round "1"]
[White "sphere"]
[Black "barron6469"]
[Result "1-0"]
[WhiteElo "1716"]
[BlackElo "1510"]

1. e4 c5 2. d4 cxd4 3. c3 dxc3 4. Nxc3 Nc6 5. Nf3 d6 6. Bc4 e5 7. Ng5 Nh6 8. O-O
Be7 9. Nf3 Bg4 10. h3 Bh5 11. Re1 Nd4 12. Be2 Nxe2+ 13. Qxe2 Bxf3 14. Qxf3 Qd7
15. Bxh6 gxh6 16. Nd5 1-0

[Event "AUTO-INT-421"]
[Site "http://www.queenalice.com/game.php?id=198659"]
[Date "2007.4.18"]
[Round "1"]
[White "barron6469"]
[Black "erig1969"]
[Result "0-1"]
[WhiteElo "1597"]
[BlackElo "1771"]

1. e4 c5 2. Nf3 e6 3. d4 cxd4 4. Nxd4 Nc6 5. Nc3 Nxd4 6. Qxd4 b6 7. Be2 Ne7 8.
O-O Bb7 9. Bf4 Nc6 10. Qe3 Bc5 11. Qg3 Qf6 12. Rfd1 e5 13. Be3 d6 14. Nd5 Qd8
15. Bxc5 bxc5 0-1

[Event "AUTO-INT-421"]
[Site "http://www.queenalice.com/game.php?id=198660"]
[Date "2007.4.18"]
[Round "1"]
[White "erig1969"]
[Black "barron6469"]
[Result "1-0"]
[WhiteElo "1761"]
[BlackElo "1607"]

1. d4 d5 2. c4 e5 3. dxe5 d4 4. Nf3 Nc6 5. e3 Bc5 6. exd4 Nxd4 7. Qd3 Bf5 8. Qc3
a5 9. Nxd4 Bb4 10. Qxb4 axb4 11. Nxf5 Kf8 12. Be3 Qd7 13. Bc5+ Ke8 14. Nxg7+ Kd8
15. Nd2 f6 16. Nh5 1-0

[Event "AUTO-INT-421"]
[Site "http://www.queenalice.com/game.php?id=198661"]
[Date "2007.4.18"]
[Round "1"]
[White "barron6469"]
[Black "malcon_2006"]
[Result "1-0"]
[WhiteElo "1618"]
[BlackElo "1443"]

1. e4 e5 2. Nf3 Nf6 3. d4 Nxe4 4. Bd3 d5 5. Nxe5 Bd6 6. O-O Qg5 7. Bxg5 O-O 8.
Bxe4 dxe4 9. c3 f6 10. Bxf6 Rxf6 11. Nd2 c5 12. Nxe4 Rh6 13. Nxd6 Rxd6 14. Qb3+
Be6 15. Qxb7 Bd5 16. Qc8+ Rd8 17. Qxd8# 1-0

[Event "AUTO-INT-421"]
[Site "http://www.queenalice.com/game.php?id=198662"]
[Date "2007.4.18"]
[Round "1"]
[White "malcon_2006"]
[Black "barron6469"]
[Result "1-0"]
[WhiteElo "1449"]
[BlackElo "1529"]

1. e4 c5 2. Nf3 d6 3. Bd3 Nc6 4. a3 Bg4 5. O-O g6 6. Nc3 Nd4 7. Qe1 Bxf3 8. Qe3
Bh6 9. gxf3 Bxe3 10. dxe3 Nxf3+ 11. Kg2 Nh4+ 12. Kh1 Qd7 13. Bb5 Nf6 14. Bxd7+
Kxd7 15. Rd1 Ng4 16. Rf1 Ne5 17. b4 cxb4 18. axb4 Nef3 19. Nd5 Rhc8 20. Ba3 Rxc2
21. b5 1-0

[Event "AUTO-ADV-468"]
[Site "http://www.queenalice.com/game.php?id=198863"]
[Date "2007.4.18"]
[Round "1"]
[White "barron6469"]
[Black "Nephi_R"]
[Result "0-1"]
[WhiteElo "1458"]
[BlackElo "2015"]

1. e4 e6 2. d4 d5 3. e5 c5 4. Nf3 Nc6 5. b3 cxd4 6. Nxd4 Nxe5 7. Bb2 Nc6 8. Be2
Nf6 9. Nd2 Be7 10. N2f3 O-O 11. Nxc6 bxc6 12. O-O Bb7 13. c4 dxc4 14. Bxc4 Qxd1
15. Raxd1 Rad8 0-1

[Event "AUTO-ADV-468"]
[Site "http://www.queenalice.com/game.php?id=198864"]
[Date "2007.4.18"]
[Round "1"]
[White "Nephi_R"]
[Black "barron6469"]
[Result "1-0"]
[WhiteElo "2013"]
[BlackElo "1460"]

1. e4 c5 2. Ne2 Nc6 3. g3 Nf6 4. Bg2 e5 5. Nbc3 Be7 6. Nd5 O-O 7. O-O d6 8. h3
Be6 9. Nec3 Bxd5 10. Nxd5 Nd7 11. Nxe7+ Qxe7 12. c3 Qe6 13. d3 Rac8 14. d4 Qf6
15. d5 1-0

[Event "AUTO-ADV-468"]
[Site "http://www.queenalice.com/game.php?id=198865"]
[Date "2007.4.18"]
[Round "1"]
[White "barron6469"]
[Black "dequeue"]
[Result "0-1"]
[WhiteElo "1502"]
[BlackElo "1785"]

1. e4 d5 2. exd5 Qxd5 3. Nc3 Qa5 4. d4 Nf6 5. Bd2 c6 6. Ne4 Qf5 7. Ng3 Qd5 8.
Nf3 Bg4 9. c3 Nbd7 10. Be2 Nb6 11. h3 Bh5 12. Nxh5 Nxh5 13. O-O e6 14. Re1 Be7
15. Ne5 Nf6 16. Bf3 Qd8 17. Bf4 Nbd7 18. Qb3 Nd5 0-1

[Event "AUTO-ADV-468"]
[Site "http://www.queenalice.com/game.php?id=198866"]
[Date "2007.4.18"]
[Round "1"]
[White "dequeue"]
[Black "barron6469"]
[Result "1-0"]
[WhiteElo "1790"]
[BlackElo "1497"]

1. f4 d5 2. Nf3 Nf6 3. c3 Nc6 4. d3 Bg4 5. h3 Bxf3 6. exf3 e6 7. d4 Bd6 8. g4
Nd7 9. Be3 Qf6 10. Qd2 O-O-O 11. Bd3 Nb6 12. g5 Qe7 13. Qc2 Na5 14. Nd2 h6 15.
Nf1 Nac4 16. Bc1 hxg5 17. fxg5 Rh5 18. b3 1-0

[Event "AUTO-ADV-468"]
[Site "http://www.queenalice.com/game.php?id=198867"]
[Date "2007.4.18"]
[Round "1"]
[White "barron6469"]
[Black "erig1969"]
[Result "0-1"]
[WhiteElo "1618"]
[BlackElo "1743"]

1. e4 c5 2. Nf3 e6 3. Nc3 g6 4. d3 Bg7 5. g3 d6 6. Bd2 e5 7. Bg2 Nc6 8. O-O Nf6
9. Ne2 Bg4 10. c3 O-O 11. Nh4 Qd7 12. f4 Bh3 13. f5 Bxg2 14. Kxg2 d5 0-1

[Event "AUTO-ADV-468"]
[Site "http://www.queenalice.com/game.php?id=198868"]
[Date "2007.4.18"]
[Round "1"]
[White "erig1969"]
[Black "barron6469"]
[Result "1-0"]
[WhiteElo "1793"]
[BlackElo "1627"]

1. d4 Nf6 2. c4 e6 3. Nf3 b6 4. g3 Bb7 5. Bg2 c5 6. Bg5 Be7 7. O-O O-O 8. Bxf6
Bxf6 9. e3 Qc7 10. Nc3 cxd4 11. exd4 Qxc4 12. Nd2 Qc7 13. Nb5 1-0